| 000 | 00582nam a2200229Ia 4500 | ||
|---|---|---|---|
| 003 | OSt | ||
| 005 | 20220924152832.0 | ||
| 006 | a|||||r|||| 00| 0 | ||
| 007 | ta | ||
| 008 | 220923b |||||||| |||| 00| 0 guj d | ||
| 024 | _a344931 | ||
| 037 | _cTextual | ||
| 040 |
_aARTS _cARTS _bguj |
||
| 041 |
_2guj _aguj |
||
| 082 | _aO156:g, G4 | ||
| 100 |
_aVisnal Narayan _9227595 |
||
| 245 | 0 | _aBiswi sahini vasant sena laag laag | |
| 260 | _c1934 | ||
| 650 | _aGUJRATI LITERATURE | ||
| 942 |
_hO156:g, G4 _cTEXL _2CC |
||
| 999 |
_c471182 _d471182 |
||